Evaluación y propuesta de un plan de mejoramiento del servicio a estudiantes de pregrado en la biblioteca de la Universidad Central Metropolitana UCM

El presente documento representa el trabajo realizado en la biblioteca de la UCM, el mismo se ubica en la ciudad de Managua y se dedica a la educación universitaria privada. El trabajo estuvo orientado a detectar si existe un sistema de gestión de calidad, evaluar los indicadores establecidos por...

Full description

Bibliographic Details
Main Author: Gómez, Denis Javier
Other Authors: Tutor: Siles Huerta, José Manuel
Format: Tesis Section = Libro
Language:Undetermined
Spanish
Published: Managua UNI 2009
Subjects:
LEADER 01965nam a2200217Ia 4500
008 240830s9999 xx 000 0 und d
040 |a BIBLIOTECA-RUPAP Mon 027.7 G633 
041 |a spa 
082 |a Mon 027.7 G633 
100 1 |a Gómez, Denis Javier 
245 1 0 |a Evaluación y propuesta de un plan de mejoramiento del servicio a estudiantes de pregrado en la biblioteca de la Universidad Central Metropolitana UCM 
260 |a Managua  |b UNI  |c 2009 
300 |a 71 p. :il. 
502 |a Tesis (Ingeniero de Sistemas)- UNI, 2009. 
520 3 |a El presente documento representa el trabajo realizado en la biblioteca de la UCM, el mismo se ubica en la ciudad de Managua y se dedica a la educación universitaria privada. El trabajo estuvo orientado a detectar si existe un sistema de gestión de calidad, evaluar los indicadores establecidos por la norma obtener información de los clientes internos y externos, detectar problemas urgentes que impacten en la calidad del servicio y proponer un plan de mejora que los resuelva. Se realizó un análisis de la estructura organizacional del BIBLIOTECA DE LA UCM, la cual no presenta una estructura jerárquica bien definida. Se describe el proceso de atención y los diferentes elementos que la conforman. El diagnóstico, se elaboró a partir de tres fuentes de información: 1. Observación directa del servicio de biblioteca. 2. Entrevistas a empleados para obtener sus apreciaciones de la calidad del servicio y realizar un diagrama causa efecto. 3. Tormenta de problemas sugerida por los estudiantes a través de buzón de sugerencia instalado en la biblioteca. 4. Encuestas realizadas a los estudiantes donde se midió todas aquellas características que influyen en el servicio como la infraestructura. 
650 7 |a BIBLIOTECAS UNIVERSITARIAS 
650 7 |b SERVICIOS A USUARIOS EN BIBLIOTECAS 
700 1 |a Tutor:  |b Siles Huerta, José Manuel 
942 |c BK  |2 ddc 
991 |a TESIS 
999 |c 15394